000 00711nam a2200289Ia 4500
005 20260324133338.0
008 008 260324s9999 xx 000 0 eng d
020 _a9780429230967
037 _aEBOOK
040 _aCRL
040 _beng
040 _cCRL
041 _2eng
041 _aeng
084 _qCRL
100 _aRichard Black; Howard White
_91192745
245 0 _aTargeting Development
245 0 _bCritical Perspectives on the Millennium Development Goals
260 _bTaylor and Francis
260 _c2003
365 _a
365 _b290
856 _uhttp://www.taylorfrancis.com/books/9780429230967
942 _cEBOOK
999 _c1791685
_d1791685